[Event "2nd OCF Thanksgiving Open"]
[Site "Stillwater USA"]
[Date "2010.11.21"]
[Round "4.3"]
[White "Claassen,C"]
[Black "Smith,James L"]
[Result "0-1"]
[WhiteElo "2054"]
[BlackElo "2013"]

1.d4 d5 2.c4 Nc6 3.Nf3 Bg4 4.e3 e5 5.Be2 dxc4 6.O-O Qd7 7.Nc3 exd4 8.exd4 O-O-O
9.Qa4 Bxf3 10.Bxf3 Nxd4 11.Qxa7 Nxf3+ 12.gxf3 Qc6 13.Bg5 Nf6 14.Rad1 Bd6
15.Ne4 Rhg8 16.Kh1 b6 17.Qa6+ Kb8 18.Rd4 Bc5 19.Rxc4 Nxe4 20.Bxd8 Nd2 21.Bxc7+ Kxc7
22.Qa7+ Kd6 23.Qxf7 Nxf1 24.Qxg8 Qxf3+ 25.Kg1 Qxf2+ 26.Kh1 Qg1+  0-1

[Event "XXIII Belgrade Trophy"]
[Site "Obrenovac SRB"]
[Date "2010.11.24"]
[Round "1.69"]
[White "Mladenovic,A"]
[Black "Tasic,Z"]
[Result "1-0"]
[WhiteElo "1798"]
[BlackElo "2200"]

1.d4 d5 2.c4 Nc6 3.Nc3 e5 4.cxd5 Nxd4 5.e3 Nf5 6.Nf3 f6 7.Be2 Bc5 8.O-O a6
9.b4 Ba7 10.Bb2 Nge7 11.Qb3 Nd6 12.Rfd1 O-O 13.a4 Bd7 14.b5 a5 15.Rac1 Kh8
16.Nb1 Bb6 17.Na3 Nec8 18.Nc4 Nxc4 19.Bxc4 Bc5 20.Bd3 Bd6 21.Be2 b6 22.Nd2 Bf5
23.Nc4 Bb4 24.Ba3 Bxa3 25.Qxa3 Rb8 26.h3 Rf7 27.d6 cxd6 28.Nxd6 Nxd6 29.Rxd6 Qf8
30.Rcd1 h6 31.Qb3 Rc7 32.Bf3 Qe7 33.Bc6 Bg6 34.R1d2 Bf7 35.Qd1 Bg6 36.Rd8+ Rxd8
37.Rxd8+ Kh7 38.Rb8  1-0

[Event "48th ch-IND"]
[Site "New Delhi IND"]
[Date "2010.12.09"]
[Round "1"]
[White "Thakur,Ak"]
[Black "Lalith,B"]
[Result "1/2-1/2"]
[WhiteElo "2358"]
[BlackElo "2481"]

1.d4 d5 2.c4 Nc6 3.cxd5 Qxd5 4.e3 e5 5.Nc3 Qd8 6.d5 Nb8 7.Nf3 Bd6 8.e4 h6
9.Be2 Ne7 10.Nb5 Nd7 11.Be3 a6 12.Nxd6+ cxd6 13.Nd2 Ng6 14.Qa4 O-O 15.Qb4 f5
16.exf5 Nh4 17.g4 Ng2+ 18.Kd1 Nxe3+ 19.fxe3 Nc5 20.h4 b5 21.Nb3 Bb7 22.Bf3 h5
23.Nxc5 dxc5 24.Qd2 hxg4 25.Be4 Qf6 26.Kc2 Rad8 27.Rad1 Rd6 28.Qg2 Bc8 29.Rc1 Bb7
30.Qxg4 Bxd5 31.Bxd5+ Rxd5 32.h5 Qh6 33.Qe4 Rdd8 34.Rhg1 Rf6 35.Qxe5 Rdf8
36.Rg6 Qxh5 37.Qd5+ R6f7 38.Rxg7+ Kxg7 39.Rg1+ Kh6 40.Rh1 Rxf5 41.Rxh5+ Kxh5
42.Qh1+  1/2-1/2

[Event "Bansko Grand Chess Open"]
[Site "Bansko BUL"]
[Date "2010.12.15"]
[Round "4.25"]
[White "Collas,S"]
[Black "Glavchev,S"]
[Result "1-0"]
[WhiteElo "2300"]
[BlackElo "2129"]

1.d4 d5 2.c4 Nc6 3.Nf3 Bg4 4.e3 e6 5.Nbd2 Nf6 6.Qb3 Bxf3 7.Nxf3 Bb4+ 8.Bd2 Bxd2+
9.Nxd2 Rb8 10.cxd5 Qxd5 11.Qxd5 Nxd5 12.Rc1 O-O 13.Bd3 Rfd8 14.Nf3 e5 15.dxe5 Nxe3
16.Bxh7+ Kxh7 17.fxe3 Rd5 18.O-O Kg8 19.Rc4 a5 20.b3 Rbd8 21.Nd4 Rxe5 22.Rxc6 bxc6
23.Nxc6 Rde8 24.Nxe5 Rxe5 25.Rc1 Rxe3 26.Rxc7 Re2 27.a4 Rb2 28.Rb7 f6 29.h4 f5
30.Kh2 Kh7 31.Kg3 Kh6 32.Rb5 Kg6 33.Kf3 Kf6 34.h5 Kg5 35.g4 Kh4 36.gxf5 Kxh5
37.Ke4 Kg5 38.Kd4 Rd2+ 39.Kc3 Rf2 40.Rxa5 Rxf5 41.Rxf5+ Kxf5 42.a5  1-0

[Event "Bansko Grand Chess Open"]
[Site "Bansko BUL"]
[Date "2010.12.18"]
[Round "8.17"]
[White "Ashwin,J"]
[Black "Glavchev,S"]
[Result "1-0"]
[WhiteElo "2420"]
[BlackElo "2129"]

1.d4 d5 2.c4 Nc6 3.Nc3 Nf6 4.Nf3 Bf5 5.cxd5 Nxd5 6.Qb3 e6 7.e4 Nxc3 8.exf5 Nd5
9.Qxb7 Bb4+ 10.Kd1 Nce7 11.fxe6 O-O 12.exf7+ Rxf7 13.Bc4 Rb8 14.Qa6 Rf6 15.Qa4 Kh8
16.Bg5 Rd6 17.Ne5 Qf8 18.Qc2 Nf5 19.Qe4 c6 20.Kc2 Re6 21.Bxd5 cxd5 22.Qxd5 Nxd4+
23.Qxd4 Rxe5 24.Qxe5 Qxf2+ 25.Kb1 Bd6 26.Qc3 Qf5+ 27.Qc2 Qxg5 28.a3 Be5 29.Ra2 a5
30.g3 h6 31.Rd1 Bf6 32.Qe4 Qc5 33.Rc1 Qf2 34.b4 Qb6 35.Rac2 Rg8 36.Rc8 Qb5
37.Qc4 Qf5+ 38.Ka2  1-0

[Event "Rilton Cup 2010-11"]
[Site "Stockholm SWE"]
[Date "2010.12.27"]
[Round "1"]
[White "Volkov,Sergey1"]
[Black "Logdahl,H"]
[Result "1-0"]
[WhiteElo "2594"]
[BlackElo "2257"]

1.d4 d5 2.c4 Nc6 3.Nf3 Bg4 4.Nc3 e6 5.Bf4 Bxf3 6.gxf3 Bd6 7.Bg3 Nge7 8.e3 O-O
9.c5 Bxg3 10.hxg3 b6 11.b4 e5 12.dxe5 d4 13.exd4 Qxd4 14.Qxd4 Nxd4 15.O-O-O Ne6
16.Bd3 h6 17.Be4 c6 18.Rd7 Nd5 19.Nxd5 cxd5 20.Bxd5 Rac8 21.Bb7 Rcd8 22.Rxd8 Rxd8
23.cxb6 axb6 24.Rd1 Nd4 25.Kb2 Kf8 26.a4 Ke7 27.a5 bxa5 28.bxa5 Rb8 29.Rxd4 Rxb7+
30.Kc3 Ke6 31.f4 Kf5 32.a6 Ra7 33.Ra4 g5 34.fxg5 hxg5 35.Kd4 Kg4 36.Ke4 Kh3
37.Kf5  1-0

[Event "34th Christmas Master Open"]
[Site "Zuerich SUI"]
[Date "2010.12.27"]
[Round "2"]
[White "Pelletier,Y"]
[Black "Bhend,E"]
[Result "1-0"]
[WhiteElo "2583"]
[BlackElo "2260"]

1.d4 d5 2.c4 Nc6 3.Nc3 dxc4 4.Nf3 Nf6 5.e4 Bg4 6.Be3 e6 7.Bxc4 Bb4 8.Qd3 O-O
9.Nd2 e5 10.d5 Na5 11.f3 Bd7 12.a3 Nxc4 13.Nxc4 Bd6 14.O-O Qe7 15.Bg5 h6
16.Bh4 g5 17.Bf2 Nh5 18.Ne3 Nf4 19.Qc2 Rfe8 20.Rad1 Kh8 21.Kh1 Rg8 22.g3 Nh3
23.Nf5 Nxf2+ 24.Rxf2 Qf6 25.g4 Rac8 26.Qd2 Bc5 27.Re2 Rgd8 28.h4 Bxf5 29.exf5 Be7
30.hxg5 Qxg5 31.Qd3 Qf4 32.Rh2 Bg5 33.Kg2 Kg8 34.Ne4 Kf8 35.Rh5 Qe3 36.Qxe3 Bxe3
37.f6 Bf4 38.g5 Ke8 39.Rxh6 Kd7 40.Nc5+  1-0

[Event "27th Christmas Open"]
[Site "Geneva SUI"]
[Date "2010.12.30"]
[Round "7"]
[White "Duport,N SUI"]
[Black "Daverio,E"]
[Result "1-0"]
[WhiteElo "2135"]
[BlackElo "2028"]

1.d4 d5 2.c4 Nc6 3.Nc3 Nf6 4.cxd5 Nxd5 5.Nf3 Bf5 6.Bd2 e6 7.g3 Be7 8.Bg2 Bf6
9.O-O O-O 10.Nxd5 Qxd5 11.Ne5 Qxd4 12.Nxc6 bxc6 13.Bc3 Qxd1 14.Rfxd1 Bxc3
15.bxc3 Rad8 16.Bxc6 Rd6 17.Ba4 Rb8  1-0

[Event "23rd Staufer-Open"]
[Site "Leinzell GER"]
[Date "2011.01.04"]
[Round "5"]
[White "Darr,T"]
[Black "Vaysberg,A"]
[Result "1/2-1/2"]
[WhiteElo "2031"]
[BlackElo "2199"]

1.d4 d5 2.c4 Nc6 3.Nf3 Bg4 4.cxd5 Bxf3 5.dxc6 Bxc6 6.Nc3 Nf6 7.f3 e6 8.e4 Qd7
9.a3 Be7 10.Be3 O-O 11.Bd3 a5 12.Qe2 Rab8 13.Nb5 Rfd8 14.Rc1 Bxb5 15.Bxb5 c6
16.Bc4 b5 17.Ba2 b4 18.axb4 Rxb4 19.Bc4 Rdb8 20.Rc2 Qb7 21.b3 a4 22.bxa4 Rb1+
23.Bc1 Qb4+ 24.Kf2 Qxa4 25.Rd1 c5 26.d5 exd5 27.Bxd5 Nxd5 28.Rxd5 Bf6 29.Be3 R1b2
30.Rdxc5 h6 31.R5c4  1/2-1/2

[Event "Rilton Cup 2010-11"]
[Site "Stockholm SWE"]
[Date "2011.01.04"]
[Round "8"]
[White "Berczes,D"]
[Black "Furhoff,J"]
[Result "1-0"]
[WhiteElo "2526"]
[BlackElo "2365"]

1.d4 d5 2.c4 Nc6 3.Nc3 Nf6 4.Nf3 dxc4 5.e3 e5 6.d5 Ne7 7.Nxe5 Nexd5 8.Bxc4 Bb4
9.Bd2 Be6 10.Bb5+ c6 11.Nxc6 bxc6 12.Bxc6+ Ke7 13.Nxd5+ Nxd5 14.Bxa8 Qxa8
15.e4 Bxd2+ 16.Qxd2 Nb6 17.Qb4+ Kf6 18.O-O Rc8 19.f4 g6 20.f5 Bc4 21.fxg6+ Kxg6
22.Rf4 Qc6 23.Qc3 f6 24.b3 Be2 25.Qg3+ Kf7 26.Re1 Qc5+ 27.Kh1 Qe5 28.Qh4 Rc2
29.Rf5 Qc3 30.h3 Ke6 31.Rf4 Qe5 32.Rf5 Qc3 33.Rf4 Qe5 34.Rf2 Bd3 35.Rxc2 Bxc2
36.Qxh7 Qf4 37.Qg8+ Ke7 38.Qg7+ Ke6 39.Qxa7 Qf2 40.Qa5 Ke7 41.Rc1 Nd7 42.Qc3  1-0

[Event "36th Open"]
[Site "Seville ESP"]
[Date "2011.01.12"]
[Round "6"]
[White "Razmyslov,A"]
[Black "Prados Montano,A"]
[Result "1-0"]
[WhiteElo "2439"]
[BlackElo "2244"]

1.d4 d5 2.c4 Nc6 3.Nc3 dxc4 4.Nf3 Nf6 5.Qa4 Nd5 6.Qxc4 Ndb4 7.Qb3 Be6 8.Qa4 a6
9.a3 Nd5 10.e4 Nb6 11.Qd1 Bg4 12.d5 Ne5 13.a4 e6 14.a5 Nbd7 15.Be2 Bxf3 16.Bxf3 Bd6
17.dxe6 fxe6 18.Bh5+ Ng6 19.O-O Qf6 20.f4 O-O-O 21.g3 Bc5+ 22.Kg2 Qd4 23.Qc2 Ba7
24.Ra4 Qc5 25.Be2 Kb8 26.b4 Qc6 27.b5 axb5 28.Bxb5 Qd6 29.e5 Ndxe5 30.fxe5 Qxe5
31.Re4 Qd6 32.Be2 Rhf8 33.Nb5 Qc5 34.Qxc5 Bxc5 35.Rxf8 Rxf8 36.Be3 Bxe3 37.Rxe3 c6
38.Nd4 e5 39.Nf3 Re8 40.Bd3 Ka7 41.Kf2 e4 42.Bxe4 Ne5 43.Nxe5 Rxe5 44.a6 bxa6
45.Bxc6 Rf5+ 46.Rf3 Rc5 47.Rf7+ Kb6 48.Be4 g5 49.Rf6+ Ka7 50.Bxh7 a5 51.Bd3 Kb7
52.Ke3 Kc7 53.Ra6  1-0

[Event "3rd Chennai Open"]
[Site "Chennai IND"]
[Date "2011.01.23"]
[Round "8"]
[White "Sundararajan,K"]
[Black "Thakur,Ak"]
[Result "1-0"]
[WhiteElo "2449"]
[BlackElo "2344"]

1.d4 d5 2.c4 Nc6 3.Nc3 Nf6 4.cxd5 Nxd5 5.e4 Nxc3 6.bxc3 e5 7.d5 Nb8 8.Nf3 Bd6
9.Be2 O-O 10.O-O Nd7 11.Be3 Qe7 12.Nd2 Bc5 13.Bxc5 Nxc5 14.Re1 g6 15.Bf1 Bd7
16.Qe2 a5 17.Qe3 a4 18.Nc4 b5 19.Nxe5 Be8 20.Qd4 f6 21.Nf3 Nb7 22.e5 fxe5
23.Rxe5 Qf6 24.Rae1 Nd6 25.Qc5 Bd7 26.Qxc7 Bg4 27.R5e3 Nf7 28.Qg3 Bd7 29.Nd4 b4
30.Ne6 Rfb8 31.cxb4 Rxb4 32.Nc5 Bb5 33.Bxb5 Rxb5 34.Re6 Qf5 35.Ne4 Kg7 36.Qc3+ Kh6
37.Qe3+ Kg7 38.Qd4+ Kh6 39.Rf6 Qd7 40.Nc5 Qa7 41.Rf4 g5 42.Rf6+ Kh5 43.Qd3  1-0

[Event "TCh-SWE Elitserien 2010-11"]
[Site "Sweden SWE"]
[Date "2011.02.05"]
[Round "7"]
[White "Hultin,J"]
[Black "Olsson,Li"]
[Result "0-1"]
[WhiteElo "2320"]
[BlackElo "2271"]

1.d4 d5 2.c4 Nc6 3.Bf4 e5 4.Bxe5 dxc4 5.Nf3 Bg4 6.Nc3 a6 7.Bg3 Bxf3 8.gxf3 Qxd4
9.Qxd4 Nxd4 10.O-O-O Nb5 11.Nxb5 axb5 12.Bxc7 Nf6 13.e4 Rc8 14.Ba5 Ra8 15.Bc3 Be7
16.Rg1 O-O 17.e5 Nh5 18.Rd7 Bc5 19.Rg5 Nf4 20.Rg4 Ne6 21.f4 h5 22.Rh4 Bxf2
23.Rxh5 Nxf4 24.Rf5 Be3+ 25.Kc2 Ne6 26.Rxb7 Rab8 27.Rfxf7 Rxb7 28.Rxb7 Rxf1
29.Rxb5 Rc1+  0-1

[Event "ch-POL Women"]
[Site "Warsaw POL"]
[Date "2011.02.12"]
[Round "1"]
[White "Socko,M"]
[Black "Majdan,J"]
[Result "1/2-1/2"]
[WhiteElo "2489"]
[BlackElo "2359"]

1.d4 d5 2.c4 Nc6 3.e3 e5 4.Nf3 e4 5.Nfd2 Nf6 6.Nc3 Bb4 7.cxd5 Nxd5 8.Qc2 Bf5
9.a3 Bxc3 10.bxc3 O-O 11.Bb2 Re8 12.c4 Nf6 13.h3 Qe7 14.Be2 Rad8 15.Qb3 b6
16.g4 Bg6 17.O-O-O Nd7 18.h4 h6 19.Rdg1 Nf8 20.Qc3 Rd6 21.c5 Rf6 22.Bb5 a6
23.g5 hxg5 24.hxg5 axb5 25.gxf6 Qxf6 26.cxb6 cxb6 27.Kb1 Ne7 28.Rg2 Bf5 29.Qc7 Nd5
30.Qh2 Ng6 31.Qh5 Ndf4 32.Qh7+ Kf8 33.d5 Ne5 34.Qh8+ Ke7 35.Qxg7 Nxg2 36.Qxg2 Rd8
37.Ka1 Rxd5 38.Nxe4 Bxe4 39.Qxe4 Qf3 40.Qh4+ Kd7 41.Bxe5 Rxe5 42.Qh3+ Qxh3
43.Rxh3 Rf5 44.f3 Rd5 45.Rh4 Kc6 46.Kb2 Rd3 47.Re4 Kd5 48.Re8 Kc4 49.Rc8+ Kd5
50.Rd8+ Kc4 51.Rc8+ Kd5 52.Rc3 Rd2+ 53.Kb3 Rf2 54.Rd3+ Ke5 55.f4+ Ke4 56.Rd7 Kxe3
57.Rxf7 Kd4 58.Rf5 Ke4 59.Rxb5 Kxf4 60.Rxb6 Ke5 61.a4 Kd5 62.Kb4 Rf1 63.Kb5 Rb1+
64.Ka6 Ra1 65.a5 Kc5 66.Rb2 Ra3 67.Rb1 Ra2 68.Rc1+ Kd6 69.Kb6 Rb2+ 70.Ka7 Kd7
71.a6 Ra2 72.Rb1 Kc7 73.Rc1+ Kd7 74.Rc5 Kd6 75.Rc4 Kd7 76.Rb4 Kd6 77.Rc4 Kd7
78.Kb7 Rb2+ 79.Ka8 Ra2 80.a7 Rb2 81.Rc1 Rb3 82.Rh1 Kc8 83.Rh8+ Kc7 84.Rb8 Ra3
85.Rb4 Ra1 86.Rb3 Rh1 87.Rb7+ Kc6 88.Rb3 Rh7 89.Rb8 Rg7 90.Rf8 Kb6 91.Rf6+ Kc7
92.Rf8 Kb6 93.Kb8 Rb7+  1/2-1/2

[Event "TCh-CAT Div Hon"]
[Site "Barcelona ESP"]
[Date "2011.02.26"]
[Round "5"]
[White "Sadrija,E"]
[Black "Ibanez Terradellas,E"]
[Result "0-1"]
[WhiteElo "2180"]
[BlackElo "2273"]

1.d4 d5 2.c4 Nc6 3.Nc3 dxc4 4.d5 Ne5 5.f4 Ng4 6.Qa4+ Bd7 7.Qxc4 c6 8.e4 e5
9.f5 Rc8 10.Qb3 Bc5 11.Nh3 N8f6 12.Bg5 O-O 13.Be2 Qa5 14.Bd2 Be3 15.Rd1 Rfd8
16.Bxg4 Nxg4 17.Ke2 Qb6 18.Qxb6 Bxb6 19.Kf3 h5 20.Be1 f6 21.Nf2 Ne3 22.Rd3 cxd5
23.Nxd5 Nxd5 24.Rxd5 Rc2 25.Rd2 Rxd2 26.Bxd2 Bxf5 27.Be3 Bxe3 28.Kxe3 Be6
29.Rc1 Rc8 30.Rxc8+ Bxc8 31.g3 Kf7 32.Nd3 b6 33.a3 Ke6 34.Nb4 Bb7 35.Nd3 Kd6
36.Nf2 Kc5 37.Kd3 a5 38.Kc3 a4 39.Nd3+ Kb5 40.Nf2 g6 41.Kd3 Kc5 42.h4 b5
43.Kc3 Bc6 44.Kd3 b4 45.g4 Bb5+ 46.Ke3 Bf1 47.gxh5 gxh5 48.Nd3+ Kc4 49.Nxb4 Kb3
50.Nd5 Kxb2 51.Kd2 Kxa3 52.Kc3 Ka2 53.Nxf6 a3 54.Nxh5 Kb1 55.Ng3 a2  0-1

[Event "27th Open"]
[Site "Cappelle la Grande FRA"]
[Date "2011.03.01"]
[Round "5.64"]
[White "Maiorov,N1"]
[Black "Henris,L"]
[Result "1-0"]
[WhiteElo "2540"]
[BlackElo "2204"]

1.d4 d5 2.c4 Nc6 3.cxd5 Qxd5 4.e3 e5 5.Nc3 Bb4 6.Bd2 Bxc3 7.bxc3 Nf6 8.f3 O-O
9.c4 Qd6 10.d5 Ne7 11.e4 Nd7 12.Nh3 f5 13.Nf2 Nc5 14.Bb4 fxe4 15.Nxe4 Nd3+
16.Bxd3 Qxb4+ 17.Qd2 Qxd2+ 18.Kxd2 Rd8 19.Rab1 b6 20.Rhe1 c6 21.d6 Nf5 22.c5 bxc5
23.Bc4+ Kh8 24.Kc3 h6 25.Rb2 Bd7 26.Bf7 Nd4 27.a4 Bf5 28.Nxc5 Rxd6 29.Rxe5 Rf8
30.Re7 Bh7 31.Rxa7 Nf5 32.Re2 Rf6 33.Bb3 Rg6 34.Rf7 Rf6 35.Rxf6 gxf6 36.Nd7 Rd8
37.Nxf6 Bg6 38.Rd2 Rb8 39.Bc2 Rf8 40.Ng4  1-0

[Event "27th Open"]
[Site "Cappelle la Grande FRA"]
[Date "2011.03.03"]
[Round "7.86"]
[White "Milchev,N"]
[Black "Le Montagner,Y"]
[Result "1-0"]
[WhiteElo "2358"]
[BlackElo "1998"]

1.d4 d5 2.c4 Nc6 3.Nc3 e5 4.cxd5 Nxd4 5.e3 Nf5 6.Nf3 Bd6 7.e4 Nfe7 8.Bb5+ Bd7
9.Bxd7+ Qxd7 10.Qb3 c6 11.dxc6 bxc6 12.O-O Rb8 13.Qc2 Nf6 14.Rd1 Qc7 15.Bg5 Nd7
16.Bxe7 Kxe7 17.Rac1 Rhc8 18.Qd2 Nf6 19.Nh4 g6 20.Qg5 Ke6 21.Nd5 cxd5 22.Rxc7 Rxc7
23.exd5+ Nxd5 24.Qd2 Rc5 25.Nf3 f5 26.Ng5+  1-0

[Event "TCh-CAT Div Hon"]
[Site "Barcelona ESP"]
[Date "2011.03.05"]
[Round "6"]
[White "Aloma Vidal,R"]
[Black "Travesset Ribera,J"]
[Result "1/2-1/2"]
[WhiteElo "2434"]
[BlackElo "2232"]

1.d4 d5 2.c4 Nc6 3.Nc3 Nf6 4.Nf3 Bg4 5.Bf4 e6 6.e3 Bb4 7.Qc2 O-O 8.a3 Bxc3+
9.bxc3 Bf5 10.Bd3 Bxd3 11.Qxd3 Na5 12.cxd5 exd5 13.O-O Ne4 14.Rab1 b6 15.Nd2 Nxd2
16.Qxd2 Nc4 17.Qa2 Qe7 18.a4 c6 19.Rfe1 f5 20.f3 Rae8 21.Rbc1 h6 22.Bg3 Qf7
23.Bf2 Re6 24.Re2 Rfe8 25.Rce1 R8e7 26.Qb1 g6 27.Bh4 g5 28.Bf2 Qg6 29.h3 Kg7
30.Kh2 Nd6 31.Qd1 Qe8 32.Kg1 f4 33.Qd3 fxe3 34.Rxe3 Rxe3 35.Rxe3 Rxe3 36.Bxe3 Nc4
37.Bf2 Qe6 38.g4 a5 39.Kg2 b5 40.Qc2 Ne3+ 41.Bxe3 Qxe3 42.axb5 cxb5 43.Qf5 Qe2+
44.Kg1 Qe1+ 45.Kg2 Qe2+ 46.Kg1  1/2-1/2

[Event "TCh-CZE 2010-11"]
[Site "Czech Rep CZE"]
[Date "2011.03.06"]
[Round "9.4"]
[White "Likavsky,T"]
[Black "Biolek,R2"]
[Result "1/2-1/2"]
[WhiteElo "2466"]
[BlackElo "2433"]

1.d4 d5 2.c4 Nc6 3.Nc3 Nf6 4.cxd5 Nxd5 5.Nf3 Bf5 6.Qb3 e6 7.e4 Nxc3 8.exf5 Nd5
9.a3 a6 10.fxe6 fxe6 11.Bd2 Rb8 12.Bc4 b5 13.Bd3 Qf6 14.O-O Bd6 15.Rae1 Kd7
16.Re4 h6 17.Rfe1 Rhf8 18.Rxe6 Qxe6 19.Rxe6 Kxe6 20.Be4 Ne7 21.Nh4 Rf6 22.g3 Rbf8
23.f4 c6 24.Nf3 Kd7 25.Ne5+ Bxe5 26.dxe5 Re6 27.Qd3 g5 28.Bf3 gxf4 29.Bg4 fxg3
30.hxg3 h5 31.Bh3 Rg8 32.Kh2 Rg4 33.Bxg4 hxg4 34.Qd4 Rg6 35.Qa7+ Ke6 36.Qxa6 Kxe5
37.Qa7 Nf5 38.Qc5 Re6 39.Kg2 Kf6 40.Kf2 Nd6 41.Kf1 Ne4 42.Qf8+ Ke5 43.Qg7+ Rf6+
44.Ke1 Nxg3 45.Bg5 Ne4 46.Bxf6+ Nexf6 47.b3 Kf4 48.a4 bxa4 49.bxa4 g3 50.a5 Ng4
51.Qf7+ Ke4 52.Qe6+ Kf4 53.Qd6+ Kf3 54.Qxc6 Ne3 55.a6 g2 56.Qg6 Ng4 57.Qd3+ Nde3
58.Qe2+ Kg3 59.Qxg2+ Nxg2+ 60.Kd2 Ne5 61.a7 Nc4+ 62.Kc3 Nb6 63.Kd4 Na8 64.Kc5  1/2-1/2

[Event "TCh-CAT Div Hon"]
[Site "Barcelona ESP"]
[Date "2011.03.12"]
[Round "7"]
[White "Alexandrova,O"]
[Black "Mellado Trivino,J"]
[Result "0-1"]
[WhiteElo "2381"]
[BlackElo "2422"]

1.d4 d5 2.c4 Nc6 3.Nc3 dxc4 4.d5 Ne5 5.Qd4 Ng6 6.Qxc4 a6 7.Nf3 Nf6 8.e4 e5
9.g3 b5 10.Qd3 Bd7 11.a3 Bd6 12.Bg2 O-O 13.O-O Qe7 14.Bd2 Rfd8 15.Rfd1 c5
16.b3 Rdc8 17.a4 Rab8 18.axb5 axb5 19.Rdc1 h6 20.Nd1 Ra8 21.Rxa8 Rxa8 22.Ne3 Qd8
23.Bc3 Qb8 24.Nd2 Ne7 25.Qc2 Ng4 26.Nxg4 Bxg4 27.h3 Bd7 28.Ra1 Rxa1+ 29.Bxa1 Nc8
30.Qa2 Qa7 31.Qxa7 Nxa7 32.Kf1 f6 33.Ke2 Nc8 34.Ke3 g5 35.Bf1 Bc7 36.h4 Nd6
37.Bd3 Ba5 38.Bb2 Kf7 39.hxg5 hxg5 40.f3 Ke7 41.Ba3 Bb6 42.Ke2 Ba7 43.Nb1 Bb6
44.Bc1 c4 45.bxc4 bxc4 46.Bc2 Nb5 47.Be3 Nd4+ 48.Kd1 Bc5 49.Nc3 Kd6 50.Ba4 Bh3
51.Be8 Bf1 52.f4 gxf4 53.gxf4 Bd3 54.Ba4 Bb4 55.Nb5+ Nxb5 56.Bxb5 exf4 57.Bxf4+ Kc5
58.Ba4 Bxe4 59.d6 Bf3+ 60.Kc1 Ba5 61.Bc2 Bg4 62.Bg6 Bd7 63.Bg3 Bc3 64.Bf7 Be5
65.Bf2+ Kb4 66.Be1+ Kb3 67.Bh4 f5 68.Be7 Kc3 69.Kd1 Kd3 70.Bh5 c3 71.Be2+ Ke3
72.Bc4 f4 73.Kc2 Bf5+ 74.Kc1 f3 75.Bb5 f2 76.Bf1 Kd4 77.Bg5 Bxd6 78.Kd1 Bd3
79.Bf6+ Kc4 80.Bxc3 Kxc3 81.Bh3 Bf4 82.Bg2 Be3 83.Bf1 Bc4 84.Bg2 Kd4 85.Kc2 Be2
86.Kb3 Ke5  0-1

[Event "TCh-FIN 2010-11"]
[Site "Helsinki FIN"]
[Date "2011.03.13"]
[Round "9.7"]
[White "Hynninen,J"]
[Black "Franssila,T"]
[Result "0-1"]
[WhiteElo "2154"]
[BlackElo "2243"]

1.d4 d5 2.c4 Nc6 3.Nc3 dxc4 4.Nf3 Nf6 5.d5 Na5 6.Bg5 e6 7.e4 exd5 8.e5 h6
9.Bh4 g5 10.Nxg5 hxg5 11.Bxg5 Be7 12.exf6 Bxf6 13.Bxf6 Qxf6 14.Qxd5 Nc6 15.Bxc4 Be6
16.Qc5 O-O-O 17.O-O Bxc4 18.Qxc4 Ne5 19.Qe2 Rxh2 20.Kxh2 Qh4+ 21.Kg1 Ng4
22.Qxg4+ Qxg4 23.Rad1 Rg8 24.g3 Qf3 25.Rd4 Rh8 26.Rh4 Rxh4 27.gxh4 Qg4+ 28.Kh2 Qxh4+
29.Kg2 Qg5+ 30.Kf3 Qd2 31.Nd1 Qd5+ 32.Ke3 Qxa2 33.f4 b5 34.Rf2 Qb3+ 35.Kd2 a5
36.f5 a4 37.Re2 Qd5+  0-1

[Event "TCh-SWE Elitserien 2010-11"]
[Site "Sweden SWE"]
[Date "2011.03.13"]
[Round "11"]
[White "Brustkern,J"]
[Black "Hamark,J"]
[Result "0-1"]
[WhiteElo "2299"]
[BlackElo "2331"]

1.d4 d5 2.c4 Nc6 3.Nf3 Bg4 4.cxd5 Bxf3 5.gxf3 Qxd5 6.e3 e5 7.Nc3 Bb4 8.Bd2 Bxc3
9.bxc3 Nge7 10.Bg2 Qd6 11.Rb1 b6 12.O-O Rd8 13.Re1 O-O 14.f4 exf4 15.e4 Ng6
16.e5 Ncxe5 17.Rxe5 Nxe5 18.Bxf4 Rfe8 19.Qe2 Qg6 20.Qb5 c6 21.Qf1 Nf3+ 22.Kh1 Nh4
23.Bg3 Nxg2 24.Kxg2 h5 25.h4 Qe4+ 26.Kh2 Qe2 27.Qg1 Rd7 28.a4 Re6 29.a5 bxa5
30.Rb8+ Kh7 31.Qb1+ Qe4 32.Qd1 Qg4 33.Qd3+ Qg6 34.Qa6 Qf5 35.Qc8 Rde7 36.Rb2 Re8  0-1

[Event "e2e4 Uxbridge Open"]
[Site "Denham ENG"]
[Date "2011.03.19"]
[Round "2"]
[White "Castruccio Alvarez,Angelo"]
[Black "Farkas,D"]
[Result "0-1"]
[WhiteElo "1966"]
[BlackElo "2107"]

1.d4 d5 2.c4 Nc6 3.Nf3 Bg4 4.Bf4 e6 5.e3 Bd6 6.Bxd6 Qxd6 7.cxd5 exd5 8.Be2 Nge7
9.Nc3 O-O 10.O-O Kh8 11.Ne1 Bxe2 12.Nxe2 Ng6 13.Nd3 f5 14.f4 Nb4 15.Ne5 c5
16.Nc3 Rad8 17.a3 Nc6 18.Rf3 Qe7 19.Rh3 Ngxe5 20.fxe5 f4 21.Qd3 h6 22.dxc5 fxe3
23.b4 d4 24.Nb5 Nxe5 25.Qe2 Ng6 26.Rf3 Nf4 27.Qe1 Nd3 28.Qe2 Rxf3 29.gxf3  0-1

[Event "e2e4 Uxbridge Open"]
[Site "Denham ENG"]
[Date "2011.03.20"]
[Round "5"]
[White "Mason,D"]
[Black "Hadi,Justin"]
[Result "1-0"]
[WhiteElo "2255"]
[BlackElo "2051"]

1.d4 d5 2.c4 Nc6 3.Nc3 dxc4 4.Nf3 Nf6 5.Bg5 e6 6.e3 Na5 7.Ne5 a6 8.Nxc4 Nxc4
9.Bxc4 b5 10.Be2 Bd7 11.O-O Be7 12.Rc1 O-O 13.Bxf6 Bxf6 14.Ne4 Be7 15.Nc5 Ra7
16.f4 Bxc5 17.Rxc5 Qe7 18.Bd3 g6 19.Qf3 Rd8 20.Rfc1 Be8 21.g4 Rd5 22.g5 c6
23.Be4 Qd6 24.h4 Re7 25.R5c2 Rc7 26.f5 Rxf5 27.Bxf5 gxf5 28.Qf4 Qxf4 29.exf4 Rc8
30.Kf2 Rd8 31.Ke3 Rd6 32.b4 Kf8 33.a4 bxa4 34.Rc5 Bd7 35.Ra1 Bc8 36.Rxa4 Bb7
37.Ra1 Kg7 38.Rg1 Rd8 39.h5 Rd6 40.Ra1 Rd8 41.Re5 Rd6 42.Kd3 Kf8 43.Kc4 Ke7
44.Kc5 Kd7 45.Rg1 Kc7 46.g6 hxg6 47.hxg6 fxg6 48.Rxg6 Bc8 49.Rg7+ Bd7 50.Rh7 Rd5+
51.Rxd5 cxd5 52.Rg7  1-0

[Event "1st Evgen Zaveriukha Mem"]
[Site "Lviv UKR"]
[Date "2011.04.02"]
[Round "4.2"]
[White "Melnichenko,A"]
[Black "Kotovskyy,D"]
[Result "1-0"]
[WhiteElo "2282"]
[BlackElo "2022"]

1.d4 d5 2.c4 Nc6 3.cxd5 Qxd5 4.Nf3 Bg4 5.Nc3 Qd7 6.d5 Bxf3 7.gxf3 Ne5 8.Bf4 Ng6
9.Be3 e6 10.Qb3 exd5 11.Qxb7 Rd8 12.O-O-O c6 13.Qxa7 Qxa7 14.Bxa7 Bb4 15.Bd4 f6
16.a3 Bd6 17.Na4 N8e7 18.Nc5 Nf5 19.Nb7 Bf4+ 20.Kb1 Rb8 21.Na5 Nge7 22.Bc5 Be5
23.b4 Kf7 24.e3 Rhd8 25.Rc1 Bd6 26.Bd3 g6 27.Rc2 Ng7 28.Ba7 Ra8 29.Nb7 Rd7
30.Nxd6+ Rxd6 31.Bc5 Re6 32.Kb2 Ne8 33.Rhc1 Nd6 34.Kb3 f5 35.f4 Ke8 36.a4 Kd7
37.a5 Ne8 38.a6 Nf6 39.a7 Ne4 40.Bd4 Nc8 41.Ra1 Ned6 42.Ra6 Nb5 43.Bxb5 cxb5
44.Rxe6 Kxe6 45.Rc7 Ne7 46.Bc5  1-0

[Event "17th Schloss Open A"]
[Site "Werther GER"]
[Date "2011.04.16"]
[Round "5"]
[White "Epishin,V"]
[Black "Gazic,J"]
[Result "1-0"]
[WhiteElo "2567"]
[BlackElo "2280"]

1.d4 d5 2.c4 Nc6 3.Nf3 Bg4 4.Nc3 e6 5.cxd5 exd5 6.Bf4 Nf6 7.e3 Bb4 8.Bd3 O-O
9.h3 Bh5 10.O-O Bxc3 11.bxc3 Ne4 12.Rc1 Bxf3 13.gxf3 Ng5 14.Bxg5 Qxg5+ 15.Kh2 Ne7
16.f4 Qh6 17.c4 c6 18.Rg1 dxc4 19.Bxc4 b6 20.Rg5 Rad8 21.Qf3 g6 22.Rcg1 Kh8
23.Re5 Rd7 24.Bd3 f5 25.Rc1 Qh4 26.Bf1 Rd6 27.Bg2 Nd5 28.a3 Kg7 29.Kg1 Rf7
30.Qd1 Nf6 31.Qf1 Nd7 32.Bxc6 Nxe5 33.fxe5 f4 34.exd6 fxe3 35.Rc2 Qxd4 36.d7 Qd6
37.Qa1+ Rf6 38.fxe3 Kh6 39.Qe1 Qf8 40.Rf2 Qe7 41.Rxf6 Qxf6 42.Qd2 Qg5+ 43.Bg2 Qd8
44.Qd6 Qxd7 45.Qxd7  1-0

[Event "ch-FRA u20b"]
[Site "Montlucon FRA"]
[Date "2011.04.18"]
[Round "3.10"]
[White "Contout,A"]
[Black "Podvin,F"]
[Result "1/2-1/2"]
[WhiteElo "2097"]
[BlackElo "2000"]

1.d4 d5 2.c4 Nc6 3.Nf3 Bg4 4.e3 e5 5.dxe5 dxc4 6.Qxd8+ Rxd8 7.Bxc4 Nxe5 8.Bb5+ c6
9.Be2 Bxf3 10.Bxf3 Bb4+ 11.Ke2 Nd3 12.Bd2 Bxd2 13.Nxd2 Nxf2 14.Rhc1 Nd3 15.Rc3 Ne5
16.Rb3 Nxf3 17.gxf3 Rd7 18.Ne4 b6 19.a4 Nf6 20.Nxf6+ gxf6 21.Rg1 Ke7 22.Rd3 Rxd3
23.Kxd3 Rd8+ 24.Kc3 Rd5 25.Rg8 Rc5+ 26.Kd3 Rd5+ 27.Kc3 Rc5+ 28.Kd3  1/2-1/2

[Event "15th Neckar Open"]
[Site "Deizisau GER"]
[Date "2011.04.24"]
[Round "6"]
[White "Bacrot,E"]
[Black "Ortmann,D"]
[Result "1-0"]
[WhiteElo "2718"]
[BlackElo "2311"]

1.d4 d5 2.c4 Nc6 3.Nf3 Bg4 4.cxd5 Bxf3 5.gxf3 Qxd5 6.e3 e5 7.Nc3 Bb4 8.Bd2 Bxc3
9.bxc3 Nf6 10.c4 Qd6 11.d5 Ne7 12.Rb1 b6 13.Bb4 c5 14.dxc6 Qxd1+ 15.Rxd1 Nxc6
16.Bd6 O-O-O 17.c5 Kb7 18.cxb6 axb6 19.Bc4 Rd7 20.Ba3 Rhd8 21.Ke2 Nd5 22.Bb2 f6
23.Rhg1 g6 24.Rb1 Nc7 25.Rgd1 Rxd1 26.Rxd1 Rxd1 27.Kxd1 Na6 28.f4 Nc5 29.Ke2 Kc7
30.Bg8 h6 31.fxe5 fxe5 32.Bh7 g5 33.Kf3 Kd6 34.Kg4 Nb4 35.Kf5 Nbd3 36.Ba1 e4
37.Bg7 Nxf2 38.Bxh6 Ne6 39.Bg8 Nc7 40.Bxg5 Nd5 41.Bxd5 Kxd5 42.h4 Kd6  1-0

[Event "Luebeck GM"]
[Site "Luebeck GER"]
[Date "2011.04.27"]
[Round "3"]
[White "Von Herman,U"]
[Black "Scheerer,C"]
[Result "0-1"]
[WhiteElo "2395"]
[BlackElo "2422"]

1.d4 d5 2.c4 Nc6 3.Nf3 Bg4 4.Nc3 e6 5.cxd5 exd5 6.Qb3 Bb4 7.Ne5 Nxd4 8.Qd1 Nc6
9.Nxg4 h5 10.Ne3 d4 11.Qb3 dxe3 12.Bxe3 Nd4 13.Bxd4 Qxd4 14.Rd1 Bxc3+ 15.bxc3 Qb6
16.Qa4+ Kf8 17.Qa3+ Ke8 18.e3 h4 19.Be2 Ne7 20.h3 Rd8 21.O-O Rxd1 22.Rxd1 Rh6
23.Rd4 c6 24.Rb4 Qc5 25.Qb3 b6 26.Ra4 b5 27.Rg4 Kf8 28.a4 a6 29.axb5 cxb5
30.Rd4 g5 31.Rd7 Rd6 32.Rb7 Qd5 33.Rb8+ Kg7 34.c4 Qd2 35.Bf1 Rf6 36.f3 bxc4
37.Bxc4 Nf5 38.Re8 Qe1+ 39.Bf1 Ng3 40.Qc4 Rc6 41.Qd4+ Rf6 42.Qc4 a5 43.Re5 Kh6
44.Rd5 Qxe3+ 45.Kh2 Qe1  0-1